000 00473nam a2200193Ia 4500
008 090124s9999 xx 000 0 und d
082 _b40732
100 _aTHAPOVANAM SWAMI
245 _aHYMN TO BADRINATH
250 _a0
260 _bCENTRAL CHINMAYA MISSION TRUST
_c1984
300 _a213
600 _aTHAPOVANAM SWAMI
630 _aHYMN TO BADRINATH
700 _aCHINMAYA
700 _aTHAPOVANAM SWAMI
730 _aHYMN TO BADRINATH
942 _cBOOK
999 _c106493
_d106493